000 00662nam a2200241Ia 4500
003 OSt
005 20220918192952.0
006 a|||||r|||| 00| 0
007 ta
008 220917b |||||||| |||| 00| 0 eng d
024 _a71,353
037 _cTextual
040 _aARTS
_cARTS
_beng
041 _2eng
_aeng
082 _aR3xM86:g, L8
100 _aFreeman D H
_980777
245 0 _aTillich
260 _aN Jersey
_b Presbyterian
_c1978
300 _avii, 42p.
_ccm.
490 _aInternational Library of Philosophy and theology: Modern thinker series
942 _hR3xM86:g, L8
_cTEXL
_2CC
999 _c197426
_d197426